| 000 | 01756nam a2200337 a 4500 | ||
|---|---|---|---|
| 001 | ebr10579294 | ||
| 003 | CaPaEBR | ||
| 006 | m u | ||
| 007 | cr cn||||||||| | ||
| 008 | 100729t20112007nyu sb 001 0 eng d | ||
| 010 | _z 2010032309 | ||
| 020 | _z9780300167030 (pbk.) | ||
| 020 | _z0300167032 (pbk.) | ||
| 020 | _z9780300167429 (e-book) | ||
| 040 |
_aCaPaEBR _cCaPaEBR |
||
| 035 | _a(OCoLC)808346459 | ||
| 050 | 1 | 4 |
_aBV111.3 _b.H37 2011eb |
| 082 | 0 | 4 |
_a263/.3 _222 |
| 100 | 1 | _aHarline, Craig. | |
| 245 | 1 | 0 |
_aSunday _h[electronic resource] : _ba history of the first day from Babylonia to the Super Bowl / _cCraig Harline. |
| 260 |
_aNew York : _bYale University Press, _c2011, c2007. |
||
| 300 | _axv, 450 p. | ||
| 500 | _aOriginally published: New York : Doubleday, a division of Random House, 2007. | ||
| 504 | _aIncludes bibliographical references (p. [383]-436) and index. | ||
| 505 | 0 | _aA word before (Super Bowl Sunday, recently) -- Sunday ascendant: origins to AD 800 -- Sunday middle-aged: an English village in 1300 -- Sunday reformed: a Dutch town in 1624 -- Sunday a la mode: Paris in the 1890s, in mid-spring -- Sunday obscured: Belgium, August 2, 1914 -- Sunday still: England between the wars -- Sunday all mixed up: The United States in the 1950s -- A word after: Asse, Belgium, the Annual Kiwanis Barbecue. | |
| 533 |
_aElectronic reproduction. _bPalo Alto, Calif. : _cebrary, _d2011. _nAvailable via World Wide Web. _nAccess may be limited to ebrary affiliated libraries. |
||
| 650 | 0 |
_aSunday _xHistory. |
|
| 655 | 7 |
_aElectronic books. _2local |
|
| 710 | 2 | _aebrary, Inc. | |
| 856 | 4 | 0 |
_uhttp://site.ebrary.com/lib/rucke/Doc?id=10579294 _zAn electronic book accessible through the World Wide Web; click to view |
| 999 |
_c188762 _d188762 |
||